[Event "Skolernes Skakklub"]
[Site "Aarhus"]
[Date "1997.06.27"]
[Round "8"]
[White "Adams, Michael"]
[Black "Nielsen, Peter Heine"]
[Result "1-0"]
[WhiteElo "2665"]
[BlackElo "2525"]
[Annotator "Atlas,V"]
[PlyCount "63"]
[EventDate "1997.06.20"]
[EventType "tourn"]
[EventRounds "9"]
[EventCountry "DEN"]
[EventCategory "14"]
[SourceTitle "CBM 060"]
[Source "ChessBase"]
[SourceDate "1997.09.29"]

1. e4 e5 2. Bc4 Nf6 3. d3 Bc5 4. Nf3 Nc6 5. c3 a6 6. Bb3 Ba7 7. Nbd2 d6 (7...
O-O {is a popular alternative. The text move allows White to realize knight
transfer to g3, avoiding sharp lines, when Black plays d7-d5 without
preliminary d7-d6.}) 8. h3 h6 9. Nf1 Be6 10. Bc2 Qd7 11. Ng3 d5 12. Qe2 dxe4
13. dxe4 b5 {Threatening 13...Bc4.} 14. Bb3 (14. b3 $2 {fails short after} b4 {
><d4}) 14... O-O 15. O-O Bxb3 $6 ({This move activates Ra1, and Black's
weaknesses on the queenside become more exposed. More prudent was} 15... Rfd8)
16. axb3 Qe6 17. b4 {Fixing the weakness on a6.} Bb6 18. Ra3 {Preparing
doubling the rooks along the a-file.} Kh7 19. Be3 Bxe3 20. Qxe3 {[%csl Ra6,Rc7]
[%cal Ga3a6,Gf1a1,Ga1a6,Ge3c5,Gc5c7] In this almost symmetrical position White
retains advantage due to the weaknesses on Black's queenside.} a5 {An attempt
to get read of the chonical weakness results in the loss of the pawn.} 21. bxa5
Nxa5 (21... Rxa5 22. Rxa5 Nxa5 23. Qc5 {, winning a pawn}) 22. Qc5 {[%csl Rb5,
Rc7,Re5][%cal Gc5e5,Gc5b5,Gc5c7] Triple attack!} Nd7 23. Qxb5 (23. Qxc7 $4 {
is bad in view of} Rfc8) 23... Rfb8 24. Qe2 Rxb2 $2 ({Dubious decision.
Regaining the pawn, Black tranform the game into the clearly better for White
ending. Stronger seems} 24... Nb3 {, although after} 25. Rxa8 Rxa8 26. Rd1 {
Black does not have a sufficient compensation for the pawn.}) 25. Qxb2 Nc4 26.
Rxa8 Nxb2 27. Rb1 Nd3 28. Ra7 c6 29. Rbb7 {The pressure of the doubled rooks
along the seventh rank is the major factor of the position.} N3c5 30. Rc7 g6
31. h4 $1 {The strong move. White strives for opening the seventh rank after
the advancement h4-h5.} f5 $4 {A tactical blunder.} ({Better was} 31... Qd6 {
or 31...Kg7, although after} 32. h5 {White has excellent winning chances.}) {
[%tqu "","","",Nd4,"After his beatiful sacrifice Black's defensive set-up is
destroyed, and his position is defenseless.",20,Nd4,"",0]} 32. Nd4 $3 {[%csl
Rc5,Rd7][%cal Gc7d7,Ga7d7,Gd7h7] After his beatiful sacrifice Black's
defensive set-up is destroyed, and his position is defenseless.} (32. Nd4 exd4
(32... Qd6 33. Rxc6 (33. Nxc6 $18) 33... Qb8 34. Rcc7 {, winning}) 33. cxd4 Kg8
34. dxc5 Nf8 35. Ra8 {, and Black cannot prevent loss of the knight after Rcc8.
}) 1-0

[Event "Skolernes Skakklub"]
[Site "Aarhus"]
[Date "1997.06.22"]
[Round "3"]
[White "Adams, Michael"]
[Black "Larsen, Bent"]
[Result "1/2-1/2"]
[WhiteElo "2665"]
[BlackElo "2520"]
[Annotator "Donev"]
[PlyCount "84"]
[EventDate "1997.06.20"]
[EventType "tourn"]
[EventRounds "9"]
[EventCountry "DEN"]
[EventCategory "14"]
[SourceTitle "CBM 060"]
[Source "ChessBase"]
[SourceDate "1997.09.29"]

1. e4 e6 2. d4 d5 3. Nd2 a6 4. Ngf3 c5 5. Bd3 Nc6 6. dxc5 Bxc5 7. exd5 (7. O-O
Nf6 8. a3 $14) 7... exd5 8. O-O Nf6 9. Re1+ Be7 (9... Be6 10. Nb3 Bb6 11. Be3
$14 {Rublevsky,S-Kiriakov,P/Moscow-chJ 1993/EXT 93ch (21)}) 10. Nf1 $5 (10. h3)
(10. Nb3 Bg4 11. Bf4 O-O 12. Be2 $14) 10... O-O 11. Ng3 {GM Adams hat eine
interessante Idee verwendet. Üblicherweise steht der Damenspringer auf b3, um
früher oder später den Isolani d5 zu blockieren. In der Partie hat er den
Damenspringer auf den Königsflügel überführt. So wird Bg4 entschärft,
weil nach h3 der Rückzugzug Bh5 (wegen Nh5) nicht möglich ist. Außerdem
besitzt der Anziehende gute Karten für einen Figurenangriff am Königsflügel.
} Qd6 (11... Qb6) 12. Bg5 h6 13. Bd2 Rd8 14. Nh4 {[%csl Rf5]} (14. Nf5 Bxf5 15.
Bxf5 Qc5 $14) 14... Bf8 15. Nhf5 Qc5 (15... Bxf5 16. Nxf5 Qc7 17. Qf3 $16) 16.
Qf3 Ne4 17. Be3 $1 (17. Nxe4 $2 dxe4 18. Nxh6+ (18. Qxe4 Bxf5 19. Qxf5 Qxf5 20.
Bxf5 Rxd2 $19) 18... gxh6 19. Qg3+ Bg7 20. Rxe4 $17) 17... Qa5 18. Nxe4 dxe4
19. Bxe4 (19. Qxe4 Rxd3 20. Nxh6+ gxh6 21. Qxd3 $13) 19... Ne5 20. Qe2 $16 (20.
Qg3 Bxf5 21. Bxf5 Nc4 22. Be4 $16) 20... Qb4 {[%cal Yb4e4,Yb4b2]} 21. Bc1 (21.
Bd4 $2 Rxd4 22. Nxd4 (22. c3 Rxe4 23. Qxe4 Qxe4 24. Rxe4 Bxf5 $19) 22... Qxd4
23. Bxb7 Bxb7 24. Qxe5 Qb6 $13) (21. Ng3 $13) 21... Bxf5 22. Bxf5 Re8 23. Be4
Nc4 24. c3 Qb5 25. a4 Qc5 (25... Qb3 $5) 26. Bf4 g5 (26... Bd6 $2 27. Bxd6 Nxd6
28. Qf3 $16) (26... f5 27. b4 $1 Rxe4 (27... Qc8 28. Bd5+ Kh8 29. Qxc4 $18) 28.
Qxe4 fxe4 29. bxc5 Bxc5 30. Rxe4 $18) 27. b4 Qc8 28. Bg3 Bg7 29. Qc2 {Es ist
sehr lehrreich zu sehen, wie der ehemalige Spitzenspieler in dieser schweren
Stellung Gegenspiel am Damenflügel bekommen hat.} a5 $1 30. b5 Nb6 $1 31. Re3
Qc4 $1 32. Rae1 {[%cal Ye4h7]} Kh8 33. Bxb7 Rxe3 34. Rxe3 Rd8 35. h3 (35. Bf3
$16) 35... Nxa4 36. Re4 Qxb5 37. Rxa4 $2 (37. Bc7 $142 Rg8 (37... f5 38. Rxa4
Rd7 39. Bxa5 $18) 38. Rxa4 Qxb7 39. Bxa5 $16) 37... Qxb7 38. Rxa5 Qe7 $1 39.
Ra1 Rc8 40. Rb1 Bxc3 41. Kh2 Qe6 42. Rb8 Qc6 {In dieser Partie hat GM Adams in
der Eröffnung durch ein unübliches Springermanöver Vorteil bekommen.
Später überspielte er seinen Gegner und gewann im Mittelspiel einen Bauern.
Leider verpaßte er in Zeitnot einige gute Möglichkeiten und konnte seinen
materiellen Vorteil schließlich nicht realisieren.} 1/2-1/2

[Event "Skolernes Skakklub"]
[Site "Aarhus"]
[Date "1997.06.23"]
[Round "4"]
[White "Hansen, Curt"]
[Black "Schandorff, Lars"]
[Result "1/2-1/2"]
[WhiteElo "2605"]
[BlackElo "2510"]
[PlyCount "55"]
[EventDate "1997.06.20"]
[EventType "tourn"]
[EventRounds "9"]
[EventCountry "DEN"]
[EventCategory "14"]
[SourceTitle "CBM 060"]
[Source "ChessBase"]
[SourceDate "1997.09.29"]

1. e4 c5 2. Nf3 Nc6 3. d4 cxd4 4. Nxd4 Nf6 5. Nc3 e5 6. Ndb5 d6 7. Bg5 a6 8.
Na3 b5 9. Bxf6 gxf6 10. Nd5 f5 11. c3 Bg7 12. exf5 Bxf5 13. Nc2 Be6 14. g3 O-O
15. Bg2 f5 16. O-O a5 17. Qe2 Rb8 18. Rfd1 Kh8 19. Rd2 Qd7 20. Rad1 e4 21. Nce3
Ne5 22. Nf4 Nc4 23. Nxe6 Qxe6 24. Rd5 Nxe3 25. Qxe3 Qf7 26. a3 Be5 27. Qe2 b4
28. axb4 1/2-1/2

[Event "Skolernes Skakklub"]
[Site "Aarhus"]
[Date "1997.06.21"]
[Round "2"]
[White "Hansen, Curt"]
[Black "Adams, Michael"]
[Result "1/2-1/2"]
[WhiteElo "2605"]
[BlackElo "2665"]
[Annotator "Ribli"]
[PlyCount "61"]
[EventDate "1997.06.20"]
[EventType "tourn"]
[EventRounds "9"]
[EventCountry "DEN"]
[EventCategory "14"]
[SourceTitle "CBM 060"]
[Source "ChessBase"]
[SourceDate "1997.09.29"]

1. Nf3 Nf6 2. c4 e6 3. Nc3 Bb4 4. g3 b6 (4... Bxc3 5. bxc3 b6 6. d3 Bb7 7. e4
d6 8. Bg2 c5 9. O-O O-O 10. Nh4 Nc6 $6 11. f4 Ne8 12. f5 $1 exf5 13. Nxf5 Ne5
14. Bf4 $14 {Ribli,Z-Razuvaev,Y /BRD/1992 Inf 54/15/}) 5. Bg2 Bb7 6. d3 Bxc3+ {
Schwarz verfolgt eine einfache Strategie. Er gibt das Läuferpaar und macht
Weiß einen Doppelbauer. Danach beendet er ruhig seine Entwicklung.} (6... O-O
7. e4 d5 (7... Nc6 8. O-O Bxc3 9. bxc3 Ne8 $146 (9... e5 10. Nh4 d6 11. f4 Re8
12. Nf5 Ne7 13. fxe5 dxe5 14. Nh6+ gxh6 15. Rxf6 Ng6 16. Qf3 Qd7 17. Bxh6 Rad8
18. Rxb6 {1-0 Tolstikh,N-Chmelik,J/Ceske Budejovice op 1994}) 10. Qe2 $5 f6 11.
h4 Nd6 12. h5 f5 $5 13. e5 {Greenfeld,A-Goldin,A/Rishon le Zion 1996/1/2-1/2 
(61)}) (7... Bxc3+ 8. bxc3 d6 9. O-O e5 (9... Nbd7 10. Qe2 Qe7 11. Nh4 Ne8 12.
f4 g6 13. Qc2 f6 14. f5 {1-0 Mikhalchishin,A-Drei,A/2nd op, Nova Gorica SLO
1997 (29)}) 10. Nh4 Ne8 11. f4 f6 12. Nf5 {1/2-1/2 Robatsch,K-Eisterer,H/
AUT-ch 1995 (27)}) 8. e5 Nfd7 9. cxd5 Bxd5 10. O-O Bxc3 11. bxc3 Nc6 12. d4 f6
13. Qc2 fxe5 14. Ng5 Nf6 15. Nxe6 Bxe6 16. Bxc6 exd4 17. Rd1 (17. cxd4 Rb8 18.
Ba3 Rf7 19. d5 Bd7 20. Rad1 Ne8 21. Rfe1 Nd6 22. f4 Qc8 23. Qa4 a5 24. Bxd6
cxd6 25. Rc1 {1/2-1/2 Yermolinsky,A-Johansen,D/Moscow olm 1994 (47)}) 17... Bd7
18. Bxa8 Qxa8 19. cxd4 Nd5 20. Re1 Kh8 21. Re5 Bc6 22. Ba3 Rf7 23. Rc1 Bd7 24.
Rce1 {Ribli,Z-Rozentalis,E/BL9293 1993/1-0 (53)}) 7. bxc3 d6 8. O-O O-O 9. e4 (
9. a4 Nc6 10. Bg5 Na5 11. e4 h6 12. Bd2 Nd7 {0-1 Feranec,M-Cimra,J/SVK-ch 1994
(51)}) 9... Nfd7 {Ein auf den ersten Blick unnatürlicher Zug, der aber in
Wirklichkeit sehr logisch ist. Schwarz bereitet den Zug f7-f5 vor und
entwickelt den anderen Springer nach c6.} (9... Nbd7 10. Nh4 (10. Ne1 a6 11. g4
Ne8 12. g5 c5 13. a4 e5 14. Nc2 Nc7 15. Qg4 f6 {Ftacnik,L-Sokolov,I/Pardubice
1994/0-1 (57)}) (10. a4 h6 11. Nd4 c5 12. Nc2 Ne8 13. Ne3 f5 14. f3 Nc7 15. a5
{1-0 Kramnik,V-Horvath,T/BL9596 1996 (25)}) (10. Nd4 c5 (10... d5 11. exd5 exd5
12. cxd5 Nxd5 13. c4 Qf6 14. Bb2 c5 15. cxd5 cxd4 16. Qg4 {Drogoon,A-Saljova,S/
Pardubice Komercni Banka op 1996/1-0 (70)}) 11. Nc2 $14 d5 $2 (11... Ne8 {
Kanstler} 12. Ne3 f5 13. f3 $14) (11... Qc7 $142 {/\ Rad8, d5}) 12. exd5 exd5
13. Ne3 Ne5 14. d4 cxd4 15. cxd4 Ng6 16. Ba3 Re8 17. Nf5 $16 {1-0 Nogueiras,
J-Garcia Ilundain,D/Capablanca mem-A 1996 (26)}) 10... d5 11. exd5 exd5 12. Nf5
Nc5 13. Ba3 Re8 14. Bxc5 bxc5 15. Rb1 Bc6 16. Qc1 {Korchnoi,V-Almasi,Z/It,
Ubeda ESP 1997/1/2-1/2 (74)}) (9... e5 10. Nh4 Nc6 11. f4 Nd7 12. f5 f6 13. g4
Rf7 14. Rf3 Kf8 15. Rg3 h6 16. Ng6+ {1-0 Znamenacek,K-Gaertner,G/Prague
Bohemians 1995 (28)}) 10. Nd4 {Das ist die Abweichung von der Partie Gelfand -
Adams!} (10. Nh4 Nc6 11. f4 Ne7 12. Nf3 Nc5 13. Be3 Qd7 14. Re1 Rae8 15. Bf2 f5
16. e5 d5 17. Bxc5 bxc5 18. Qb3 {Gelfand,B-Adams,M/Wijk aan Zee/1996/0,5/43/ 
(18)}) 10... Nc6 {Schwarz hat eine normale Entwicklung, keine Schwächen und
eine feste Stellung.Weiß hat das Läuferpaar, aber auch "ewige"
Bauernschwächen auf c3 und c4.} 11. a4 {Mit dieser Zug Weiss kann spaeter
seine Bauernstruktur mit a5,und axb6 verbessern.Ribli.} (11. f4 {Dieser
scheinbar aktive Angriffszug ist nicht so gefährlich.}) 11... Ne7 (11... Nxd4
12. cxd4 c5 13. d5) 12. Bg5 (12. a5 $5) 12... c5 (12... h6 13. Bxe7 (13. Be3)
13... Qxe7 14. a5 $11) (12... Qe8 $2 13. Nb5 {[%csl Rc7]}) {[#]} 13. e5 $13 {
Nach diesem interessenten Zug sehen wir großen Komplikationen entgegen.} (13.
Nb5 $11) 13... Nxe5 (13... Bxg2 14. exd6 Bxf1 15. dxe7 $18) (13... cxd4 14.
Bxb7 Rb8 15. exd6 f6 (15... Rxb7 16. dxe7 $18) 16. dxe7 Qxe7 17. Bg2 fxg5 18.
cxd4 $16) 14. Bxb7 Rb8 15. Nxe6 $5 (15. Bg2 cxd4 16. cxd4 N5g6) 15... fxe6 16.
Bg2 $14 {Weiß hat das Läuferpaar und die bessere Figurenstellung. Die
Bauernschwächen c3 und c4 haben keine große Bedeutung. Der schwarze e6-Bauer
ist auch schwach.} h6 17. Bxe7 (17. Be3 Nf5) (17. Bf4 N5g6 18. Be3 Nf5) 17...
Qxe7 18. Qe2 {[%csl Re6][%cal Ge2e6]} Kh8 19. d4 Nd7 20. a5 {Die neue weiße
Drohung ist 21. axb6 axb6 22.Ra7 mit einer unangenehmenen Fesselung.} Nf6 21.
Rfe1 Rfe8 22. Bc6 Rec8 23. Bd5 {Nach dem Textzug gewinnt Weiß einen Bauern,
aber das Material ist so reduziert, daß er diesen Vorteil nicht verwerten
kann.} (23. Bg2 Re8) 23... Nxd5 24. cxd5 cxd4 $1 25. cxd4 e5 $8 26. axb6 (26.
f4 e4 27. Qxe4 Qxe4 28. Rxe4 bxa5 29. Re6 Rc2 $132) 26... axb6 27. dxe5 Qxe5
28. Qxe5 dxe5 29. Rxe5 {Weiß hat einen Bauern gewonnen, aber nach dem
unvermeidlichen Tausch des b- und d- Bauern ist das Turmendspiel mit 3 Bauern
gegen 2 Bauern remis.} b5 30. d6 Rd8 31. Rd1 {Und hier wurde remis gegeben.
Theoretisch steht Weiß besser, aber in der Großmeisterpraxis ist eine solche
Stellung kaum zu gewinnen.} 1/2-1/2

[Event "Skolernes Skakklub"]
[Site "Aarhus"]
[Date "1997.06.24"]
[Round "5"]
[White "Hellers, Ferdinand"]
[Black "Kengis, Edvins"]
[Result "1/2-1/2"]
[WhiteElo "2585"]
[BlackElo "2585"]
[PlyCount "33"]
[EventDate "1997.06.20"]
[EventType "tourn"]
[EventRounds "9"]
[EventCountry "DEN"]
[EventCategory "14"]
[SourceTitle "CBM 060"]
[Source "ChessBase"]
[SourceDate "1997.09.29"]

1. e4 c5 2. Nf3 e6 3. d4 cxd4 4. Nxd4 a6 5. Nc3 b5 6. g3 Bb7 7. Bg2 Nf6 8. Qe2
b4 9. Na4 Qa5 10. b3 Nc6 11. Be3 Nxd4 12. Bxd4 Qb5 13. Qd3 Be7 14. O-O e5 15.
Be3 d5 16. exd5 Bxd5 17. c4 1/2-1/2

[Event "Skolernes Skakklub"]
[Site "Aarhus"]
[Date "1997.06.20"]
[Round "1"]
[White "Hellers, Ferdinand"]
[Black "Hansen, Curt"]
[Result "1/2-1/2"]
[WhiteElo "2585"]
[BlackElo "2605"]
[Annotator "Ribli"]
[PlyCount "69"]
[EventDate "1997.06.20"]
[EventType "tourn"]
[EventRounds "9"]
[EventCountry "DEN"]
[EventCategory "14"]
[SourceTitle "CBM 060"]
[Source "ChessBase"]
[SourceDate "1997.09.29"]

1. e4 c5 2. Nf3 e6 3. d4 cxd4 4. Nxd4 Nc6 5. Nc3 a6 6. Be2 (6. Nxc6 {Nach
meinerMeinung ist das die beste weiße Möglichkeit.}) 6... Nge7 (6... Qc7 {
Führt zu den populären Hauptvarianten.}) 7. O-O (7. f4 $5) (7. Be3 $5) (7.
Nb3 {Das ist auch eine logische Alternative. Der schwarze Plan ist klar. Mit 6.
.. Nge7 will er die Springer im Zentrum tauschen, und mit dem anderen Springer
nach c6 gehen.}) 7... Nxd4 8. Qxd4 Nc6 9. Qd3 Qc7 (9... Nb4 $6 10. Qg3 $1 $16)
10. Bg5 Bd6 {Auf den ersten Blick steht der Läufer unnatürlich auf d6, aber
Schwarz hat eine konkrete Idee.} (10... Bc5 11. Rad1 O-O 12. a4 f6 13. Be3 b6
14. Qd2 Rd8 15. Nb1 Bb7 16. c3 Ne5 17. b4 Bxe3 18. Qxe3 Bc6 19. f4 Nf7 20. b5
axb5 21. axb5 Bb7 {1-0 Hommeles,T-Timman,J/NLD-chT sf (Panfox-SMB) 1997 (40)})
11. Kh1 (11. Qh3 b5 12. Rad1 b4 13. Na4 Rb8 14. f4 Bb7 15. f5 Ne5 16. Bf4 O-O
17. f6 gxf6 18. Bh6 Ng6 19. Bd3 Be5 {0-1 Schwartz,A-Van Mil,J/Dieren op 1988 
(27)}) (11. h3 b5 12. Be3 Be7 13. f4 Bb7 14. Rfd1 d6 15. Bf3 O-O {1/2-1/2
Sorensen,J-Van Mil,J/Copenhagen op 1987 (27)}) (11. f4 $2 h6 12. Bh4 Bxf4) (11.
g3 $6 {Dieser Zug schwächt die weiße Königsstellung.}) 11... b5 (11... f6
12. Be3 b5 13. f4 Be7 14. e5 O-O 15. exf6 Rxf6 16. f5 Bb7 17. Bg5 Rff8 18. Bxe7
Nxe7 19. fxe6 dxe6 20. Qe3 e5 {1/2-1/2 Nijboer,F-Van Mil,J/NLD-ch 1993 (38)}) (
11... h6 12. Be3 b5 13. f4 Bb7 14. Bb6 $1 Qxb6 15. Qxd6 Rc8 16. Rad1 Qc7 17.
Qd2 {1/2-1/2 Benjamin,J-Christiansen,L/USA-ch 1993 (41)}) (11... O-O 12. Rad1
Bf4 13. Bxf4 Qxf4 14. Qd6 Qxd6 15. Rxd6 b5 16. Rfd1 Ra7 17. Kg1 f6 18. R1d2 Kf7
19. a4 b4 20. Nd1 Ke7 21. Ne3 Rc7 22. Nc4 {1/2-1/2 Schneider,H-Schwarz,P/
Hessen-ch Doernigheim 1994 (27)}) 12. Rad1 $14 {Weiß hat Entwicklungsvorteil.
Schwarz hat auch positionelle Schwächen, das Feld d6 ist ein positionelles
Loch, und der Bauer auf d7 wird schwach.} Bf4 (12... Be5 13. f4 f6 14. fxe5
fxg5 15. Bh5+ g6 16. Qf3 Qxe5 17. Bg4 Nd8 18. Nd5 h5 19. Bxe6 dxe6 20. Nf6+ Ke7
21. Qa3+ {1-0 Kuijf,M-Van Mil,J/Wijk Sonnevanck 1992}) 13. Bxf4 Qxf4 {[%csl
Rc8,Rd6,Re8]} 14. g3 Qc7 15. f4 {Schwarz hat Entwicklungsprobleme und
positionelle Schwächen am Damenflügel.} O-O (15... Bb7 16. Bf3 Rc8 (16...
O-O-O $14) 17. e5 $14 {[%csl Rd6]}) 16. Bf3 $6 (16. e5 $5 Bb7 (16... f6 17.
exf6 Rxf6 18. Ne4 $16 {[%cal Ge4d6,Re4f6]}) (16... Nb4 17. Qd2 Bb7+ 18. Bf3
Bxf3+ 19. Rxf3 Qc6 20. Kg2 $14) 17. Bf3 (17. Qxd7 $4 Nxe5+ $19) 17... Rfd8 $14
{[%csl Rd6]}) 16... f6 $1 {Ein guter Verteidigungszug. Schwarz verhindert 17.
e4-e5.} 17. a4 b4 (17... bxa4 18. Nxa4 a5) {[#]} 18. Nd5 {Das ist ein
sogenannte "passive" Opfer - als Schwarz kann,aber muss das nicht nehmen.Ribli.
} Qa7 $5 (18... exd5 19. exd5 Bb7 (19... Nd8 20. d6 Qa7 21. Qd5+ $18 {[%cal
Rd5a8,Rd5g8]}) 20. dxc6 Bxc6 (20... dxc6 $2 21. Qc4+ {[%csl Rb4]}) 21. Qc4+ Kh8
22. Bxc6 (22. Qxb4 Bxf3+ 23. Rxf3 Qxc2 24. Rxd7 Rab8) 22... Qxc6+ 23. Qxc6 dxc6
24. Rd6 $14) 19. Ne3 {[%cal Ge3c4,Gc4d6]} a5 {[%cal Gc8a6,Ga6f1] Schwarz
verteidigt sich gut. Er möchte den Läufer auf a6 aktivieren.} 20. Rfe1 {
Ein notwendiger Vorbereitungszug.} (20. Nc4 Ba6 $13) 20... Nd8 $5 {[%cal Gd8b7,
Gb7d6] Schwarz verteidigt seine positionelle Schwäche auf d6 mit Nd8-b7.} 21.
Qd4 (21. e5 Bb7 $132 {[%cal Gb7h1]}) 21... Nb7 22. Qxa7 (22. e5 $2 Qxd4 23.
Rxd4 fxe5 {[%cal Gf8f3]}) 22... Rxa7 {Weiß hat bessere nach dem Damentausch
Aussichten, aberdurch gutes Spiel kann Schwarz seine Schwäche auf der d-Linie
verteidigen.} 23. Nc4 {[%csl Gc4][%cal Gc4d6]} Nc5 {[%csl Ra4]} 24. b3 Bb7 {
Der Bauer auf d7 ist verteidigt. Deshalb kann sich der Läufer entwickeln,
endlich im 24.Zug.} 25. Kg2 (25. Nd6 Bc6 {Der Läufer ist jetzt viel besser
plaziert als auf c8. Der schwarze Plan sieht Rb8 nebst Kf8-e7 vor.}) 25... Bxe4
$5 {Schwarz spielt auf das Turmendspiel, wo Weiß nur eine kleine Initiative
hat.} 26. Bxe4 Nxe4 27. Rxe4 d5 {[%cal Rd5c4,Rd5e4]} 28. Red4 (28. Rxe6 dxc4
29. bxc4 Rc7 30. Rd4 Rfc8 {[%cal Rc8c2]}) 28... dxc4 29. Rxc4 {[%cal Gc4c8,
Gd1d8] Weiss hat die beiden offenen Linien, aber Schwarz kann die
Einbruchsfelder halten.} Kf7 30. Kf3 {[%csl Gc4,Gd1,Gf3]} Re8 31. Rc5 {[%csl
Ra5]} Ree7 {[%csl Rc2][%cal Ge7c7,Gc7c2]} 32. Rd4 (32. Ke4 Rec7 $132) 32...
Rec7 33. Rdc4 Rxc5 34. Rxc5 Ke7 35. Ke4 $14 {Nach meiner Meinung hat Weiß
dank seines aktiven Königs und seines aktiven Turms einen kleinen Vorteil,
aber hier wurde remis gegeben.} (35. Ke4 Kd6 36. Kd4 g5 (36... Rc7 37. Rxc7
Kxc7 38. c3 (38. Kc5 {[%csl Ra5,Gc5,Re6]} Kd7 (38... Kb7 $2 39. Kb5 (39. Kd6
Kb6 40. Kxe6 Kc5 41. Kf7 Kd4 42. Kxg7 Kc3 43. Kxf6 Kxc2 44. Kg7 Kxb3 45. f5
Kxa4 46. f6 b3 47. f7 b2 48. f8=Q b1=Q {Und der schwarze a-Bauer ist
gefährlich.}) 39... e5 40. fxe5 fxe5 41. Kxa5 e4 42. Kxb4 $18) 39. Kb6 Kd6 40.
Kxa5 Kc5 $1 {Trotz des Bauernminus erzielt Schwarz wegen seiner aktiven
Figuren Ausgleich.} 41. Ka6 Kc6 42. Ka5 Kc5 $11) 38... bxc3 39. Kxc3 Kc6 40. b4
axb4+ 41. Kxb4 $16 {Weiß hat einen gefährlichen entfernten Freibauern.}) 37.
fxg5 e5+ $132) 1/2-1/2

[Event "Skolernes Skakklub"]
[Site "Aarhus"]
[Date "1997.06.22"]
[Round "3"]
[White "Hellers, Ferdinand"]
[Black "Stefansson, Hannes"]
[Result "1/2-1/2"]
[WhiteElo "2585"]
[BlackElo "2555"]
[PlyCount "46"]
[EventDate "1997.06.20"]
[EventType "tourn"]
[EventRounds "9"]
[EventCountry "DEN"]
[EventCategory "14"]
[SourceTitle "CBM 060"]
[Source "ChessBase"]
[SourceDate "1997.09.29"]

1. e4 c5 2. Nf3 d6 3. d4 cxd4 4. Nxd4 Nf6 5. Nc3 Nc6 6. Bg5 e6 7. Qd2 a6 8.
O-O-O h6 9. Be3 Be7 10. f4 Bd7 11. h3 b5 12. Bd3 Nxd4 13. Bxd4 Bc6 14. Qe3 O-O
15. Kb1 Qc7 16. e5 dxe5 17. Bxe5 Qb7 18. Rhe1 Rad8 19. g4 b4 20. Ne2 Nd5 21.
Qf2 Bf6 22. Bxf6 Nxf6 23. Ng3 Ne4 1/2-1/2

[Event "Skolernes Skakklub"]
[Site "Aarhus"]
[Date "1997.06.27"]
[Round "8"]
[White "Hellers, Ferdinand"]
[Black "Schandorff, Lars"]
[Result "1-0"]
[WhiteElo "2585"]
[BlackElo "2510"]
[PlyCount "111"]
[EventDate "1997.06.20"]
[EventType "tourn"]
[EventRounds "9"]
[EventCountry "DEN"]
[EventCategory "14"]
[SourceTitle "CBM 060"]
[Source "ChessBase"]
[SourceDate "1997.09.29"]

1. e4 c5 2. Nf3 Nc6 3. d4 cxd4 4. Nxd4 Nf6 5. Nc3 e5 6. Ndb5 d6 7. Bg5 a6 8.
Na3 b5 9. Bxf6 gxf6 10. Nd5 f5 11. c3 Bg7 12. exf5 Bxf5 13. Nc2 Be6 14. g3 O-O
15. Bg2 a5 16. O-O f5 17. Qh5 Rb8 18. Rad1 Kh8 19. Rd2 Bf7 20. Qh3 Ne7 21. Nxe7
Qxe7 22. Rfd1 Bxa2 23. Ne3 Bb3 24. Nxf5 Qg5 25. Nxd6 Bxd1 26. Rxd1 Qh6 27. Qd7
Qf6 28. Rd2 Bh6 29. Be4 Qg7 30. Qxg7+ Bxg7 31. Rd5 a4 32. Nxb5 Rfd8 33. Nd6 Rd7
34. Bf5 Re7 35. Ra5 Bf8 36. Rxa4 Rxb2 37. Ra8 Kg7 38. Bxh7 Kxh7 39. Rxf8 Rd2
40. Rf7+ Rxf7 41. Nxf7 Rd5 42. Ng5+ Kg6 43. Ne4 Rd1+ 44. Kg2 Kf5 45. f3 Rc1 46.
h4 Rc2+ 47. Kg1 Ra2 48. h5 Rb2 49. c4 Ra2 50. c5 Rc2 51. Kf1 Rb2 52. Ke1 Ra2
53. Kd1 Rb2 54. c6 Ke6 55. h6 Rb8 56. g4 1-0

[Event "Skolernes Skakklub"]
[Site "Aarhus"]
[Date "1997.06.21"]
[Round "2"]
[White "Kengis, Edvins"]
[Black "Schandorff, Lars"]
[Result "1/2-1/2"]
[WhiteElo "2585"]
[BlackElo "2510"]
[PlyCount "54"]
[EventDate "1997.06.20"]
[EventType "tourn"]
[EventRounds "9"]
[EventCountry "DEN"]
[EventCategory "14"]
[SourceTitle "CBM 060"]
[Source "ChessBase"]
[SourceDate "1997.09.29"]

1. e4 c5 2. Nf3 Nc6 3. d4 cxd4 4. Nxd4 Nf6 5. Nc3 e5 6. Ndb5 d6 7. Bg5 a6 8.
Na3 b5 9. Nd5 Be7 10. Bxf6 Bxf6 11. c3 O-O 12. Nc2 Rb8 13. h4 Be7 14. Bd3 Be6
15. Nce3 Qd7 16. a4 Bd8 17. axb5 axb5 18. h5 Kh8 19. Qf3 Bg5 20. Qg3 h6 21. O-O
b4 22. Rfd1 bxc3 23. bxc3 Ne7 24. Bf1 Bxe3 25. Nxe3 f5 26. exf5 Nxf5 27. Nxf5
Bxf5 1/2-1/2